00232nam a2200097Ia 4500008004100000100000900041245005100050260000900101942000700110999001700117190216s9999||||xx |||||||||||||| ||und|| aNull 0aHindi-Hindi Nadak Ke Samaj Shashthriya Praband bNull cBK c17532d17532